00350nam a2200133 a 45000010010000000030011000100080041000210350026000620820014000881000024001022450041001262600039001676500010002060000-9249ELIB.Books110520 1957  a(ELIB.Books)0000-9401 a220 bWil aWilliams, Albert N. aWhat Archeology Says about the Bible bNew York: Association Press c1957 aBible